Exposició Ayneto : Palau de la Generalitat / patrocinada per la Diputació Provincial de Barcelona Palau de la Generalitat / patrocinada per la Diputació Provincial de Barcelona
Descripción Física:
[4] p. : il. ; 22 cm
MARC
| LEADER | 00000nam a2200000Ia 4500 | ||
|---|---|---|---|
| 001 | 12807 | ||
| 008 | 160829s9999 xx 000 0 cat d | ||
| 080 | |a FU-14-43 | ||
| 100 | |a Ayneto, Josep |9 31826 | ||
| 245 | |a Exposició Ayneto : |b Palau de la Generalitat / patrocinada per la Diputació Provincial de Barcelona | ||
| 260 | |a [Barcelona] : |b Diputació de Barcelona, DL 1977 | ||
| 300 | |a [4] p. : |b il. ; |c 22 cm | ||
| 590 | |a A la coberta : Premi Nacional d'Aquarel·la Diputació de Barcelona 1977. | ||
| 590 | |a Exposició organitzada els dies 12 i 13 d'abril de 1977 | ||
| 650 | |a Ayneto, Josep |x Exposicions |9 31827 | ||
| 650 | |a Aquarel·la |x Exposicions |9 30338 | ||
| 710 | 1 | |a Barcelona (Catalunya : Província). |b Diputació |9 52408 | |
| 901 | |a Arxiu | ||
| 942 | |n 1 | ||
| 952 | |0 0 |1 0 |4 0 |6 FU1443 |7 1 |9 45766 |a Arxiu |b Arxiu |d 2016-12-01 |l 0 |o FU-14-43 |p 12807 |r 2016-12-01 00:00:00 |w 2016-12-01 |y ARXIU | ||
| 999 | |c 49266 |d 49266 | ||